000 00641nam a22001937a 4500
005 20250307142933.0
010 _aENG-144004
020 _c300.00
_a9789386501462
035 _aEN-127536
037 _bDBAD
082 _a323.4
100 _aAshifa, K.M.
_979397
245 _aHuman Rights Awareness and Advocacy Role of Youth/
_cBy K.M. Ashifa
250 _a1
260 _bArchers & Elevators Publishing House
_aBangalore
_c2018
270 _a131 AGB Lay Out, 6"Cross, Hesaraghatta,Main Road
_bBangalore
_e560090
_k9164362263
_marcherselevators@gamail.com
300 _a222p.
_c22cm(pb)
942 _2ddc
_cEN
_h323.4
_mASH
999 _c210165
_d210165